| 000 | | | 03728nmc2a22002533x 450 |
| 001 | | | 8d569d39-9f9a-46ed-87c5-f8a195d52cb7 |
| 005 | | | 20230904185606.0 |
| 100 | ## | $a | 20230329l18141814k l0rusy0189 ca |
| 101 | 0# | $a | rus |
| | $a | fre |
| 102 | ## | $a | RU |
| 105 | ## | $a | y### |
| 122 | 2# | $a | d |
| 200 | 1# | $a | Письма (два) герцога Дудовилля (Doudeauville) Кауфману (commandant de Vitri) о пожаловании ему ордена французским королем |
| | $j | 7-18 июля 1814 г. |
| 215 | ## | $a | 4 л. |
| | $d | 23,5х38 см |
| 251 | ## | $c | Дело |
| 300 | ## | $a | Материалы для истории рода |
| 300 | ## | $a | На русском и французском языках |
| 371 | ## | $a | Документ не является опубликованным и широко распространяемым |
| 461 | #0 | $1 | 00190e07281-0192-43e2-b84a-6d6cf747817c |
| | $1 | 2001 |
| | $a | Фон Кауфманы и фон Кауфманы Туркестанские |
| | $1 | 251 |
| | $c | Фонд |
| | $1 | 852 |
| | $j | 954 |
| 462 | #0 | $1 | 001ff04dd05-f76b-4284-9957-af4e9e6c0442 |
| | $1 | 2001 |
| | $a | Материалы к истории рода Kауфманов; личные и служебные документы К.П., М.П., П.М. Кауфмана |
| | $1 | 251 |
| | $c | Опись |
| | $1 | 852 |
| | $j | 1 |
| 801 | #0 | $a | RU |
| | $b | РГИА |
| | $c | 20230329 |
| | $g | RCR |
| 801 | #1 | $a | RU |
| | $b | ГлавНИВЦ |
| | $c | 20230329 |
| | $2 | rusmarc |
| 801 | #2 | $a | RU |
| | $b | ПБ им. Б.Н. Ельцина |
| | $c | 20230904 |
| | $g | RCR |
| | $2 | rusmarc |
| 850 | ## | $a | РГИА |
| 852 | ## | $a | РГИА |
| | $e | Федеральное казенное учреждение "Российский государственный исторический архив" (РГИА) |
| | $j | 22 |
| 937 | ## | $h | РГИА |
| | $d | 12385245 |
| | $a | ASBIBLIO_SCAN |
| 035 | ## | $a | RusGRCC00059399 |
| 856 | ## | $u | http://readingroom.main.prlib.ru/item.aspx?id_node=n187350429&mode=full |